<?xml version="1.0" encoding="UTF-8"?>
<record
    xmlns:xsi="http://www.w3.org/2001/XMLSchema-instance"
    xsi:schemaLocation="http://www.loc.gov/MARC21/slim http://www.loc.gov/standards/marcxml/schema/MARC21slim.xsd"
    xmlns="http://www.loc.gov/MARC21/slim">

  <leader>02573nam a2200397 a 4500</leader>
  <controlfield tag="001">Z_7099</controlfield>
  <controlfield tag="003">CHAP</controlfield>
  <controlfield tag="005">20251031100734.0</controlfield>
  <controlfield tag="007">ta</controlfield>
  <controlfield tag="008">220113t2013    mx ad  fr     001 0 spa d</controlfield>
  <datafield tag="010" ind1=" " ind2=" ">
    <subfield code="a">170371</subfield>
  </datafield>
  <datafield tag="020" ind1=" " ind2=" ">
    <subfield code="a">978-607-17-1627-9</subfield>
  </datafield>
  <datafield tag="040" ind1=" " ind2=" ">
    <subfield code="a">Z</subfield>
    <subfield code="c">CHAP</subfield>
    <subfield code="e">rda</subfield>
  </datafield>
  <datafield tag="041" ind1="0" ind2=" ">
    <subfield code="b">Espa&#xF1;ol</subfield>
    <subfield code="f">Espa&#xF1;ol</subfield>
  </datafield>
  <datafield tag="082" ind1="0" ind2="0">
    <subfield code="a">637.127 </subfield>
    <subfield code="b">V55 2013</subfield>
    <subfield code="2">20</subfield>
  </datafield>
  <datafield tag="100" ind1="1" ind2=" ">
    <subfield code="a">Villegas de Gante, Abraham</subfield>
    <subfield code="9">119748</subfield>
    <subfield code="e">autor</subfield>
  </datafield>
  <datafield tag="245" ind1="1" ind2="0">
    <subfield code="a">Calidad de leche cruda  /</subfield>
    <subfield code="c">Abraham Villegas de Gante y Armando Santos Moreno</subfield>
  </datafield>
  <datafield tag="250" ind1=" " ind2=" ">
    <subfield code="a">2 edici&#xF3;n</subfield>
  </datafield>
  <datafield tag="264" ind1=" " ind2="1">
    <subfield code="a">M&#xE9;xico, D. F.  :</subfield>
    <subfield code="b">Trillas,</subfield>
    <subfield code="c">&#xA9;2013</subfield>
  </datafield>
  <datafield tag="300" ind1=" " ind2=" ">
    <subfield code="a">104 p&#xE1;ginas :</subfield>
    <subfield code="b">ilustraciones, gr&#xE1;ficas, tablas</subfield>
  </datafield>
  <datafield tag="336" ind1=" " ind2=" ">
    <subfield code="2">rdacontent</subfield>
    <subfield code="a">texto</subfield>
    <subfield code="b">txt</subfield>
  </datafield>
  <datafield tag="337" ind1=" " ind2=" ">
    <subfield code="2">rdamedia</subfield>
    <subfield code="a">sin medio</subfield>
    <subfield code="b">n</subfield>
  </datafield>
  <datafield tag="338" ind1=" " ind2=" ">
    <subfield code="2">rdacarrier</subfield>
    <subfield code="a">volumen</subfield>
    <subfield code="b">nc</subfield>
  </datafield>
  <datafield tag="500" ind1=" " ind2=" ">
    <subfield code="a">ej.1: consumo \ ej.2 - ej.4: S/N (sin sellos)</subfield>
  </datafield>
  <datafield tag="504" ind1=" " ind2=" ">
    <subfield code="a">Bibliograf&#xED;a: p&#xE1;gina 101</subfield>
  </datafield>
  <datafield tag="505" ind1="0" ind2=" ">
    <subfield code="a">Presentaci&#xF3;n -- Introducci&#xF3;n -- Pr&#xE1;ctica 1. Prueba de sedimentos en la leche -- Pr&#xE1;ctica 2. Pruebas de calidad fisicoqu&#xED;mica -- Pr&#xE1;ctica 3. Detecci&#xF3;n de la leche mast&#xED;tica -- Pr&#xE1;ctica 4. Pruebas indirectas de calidad microbiol&#xF3;gica de leche cruda -- Pr&#xE1;ctica 5. Cuenta total de bacterias mes&#xF3;filas aerobia en leche cruda (t&#xE9;cnica simplificada, con Petrifilm) -- Pr&#xE1;ctica 6. Cin&#xE9;tica de acidificaci&#xF3;n de la leche cruda -- Pr&#xE1;ctica 7. Efecto del fr&#xED;o sobre la calidad de la leche cruda -- Pr&#xE1;ctica 8. Efecto de algunos inhibidores sobre la fermentaci&#xF3;n l&#xE1;ctica -- Pr&#xE1;ctica 9. Detecci&#xF3;n de inhibidores en leche cruda -- Pr&#xE1;ctica 10. Detecci&#xF3;n de adulterantes en leche cruda -- Pr&#xE1;ctica 11. Una aplicaci&#xF3;n b&#xE1;sica del an&#xE1;lisis sensorial para evaluar la calidad de la leche cruda -- Ap&#xE9;ndice -- Bibliograf&#xED;a -- &#xCD;ndice anal&#xED;tico.</subfield>
  </datafield>
  <datafield tag="520" ind1="2" ind2=" ">
    <subfield code="a">El presente manual es una contribuci&#xF3;n al esfuerzo de los productores lecheros por obtener un alimento de mejor calidad, adem&#xE1;s de constituir un material de apoyo para un curso te&#xF3;rico-pr&#xE1;ctico sobre la materia, que se imparte a grupos organizados del sector en varias regiones del pa&#xED;s. La obra tambi&#xE9;n puede utilizarse en cursos de bachillerato t&#xE9;cnico o de nivel universitario, tales como veterinaria, zootecnia o tecnolog&#xED;as de alimentos, en los que se trate la calidad de la leche cruda como materia prima para la industria.</subfield>
  </datafield>
  <datafield tag="650" ind1="1" ind2="3">
    <subfield code="a">An&#xE1;lisis de la leche</subfield>
    <subfield code="9">141837</subfield>
  </datafield>
  <datafield tag="650" ind1="1" ind2="3">
    <subfield code="a">Calidad de la leche</subfield>
    <subfield code="9">145447</subfield>
  </datafield>
  <datafield tag="650" ind1="1" ind2="3">
    <subfield code="a">Leche cruda</subfield>
    <subfield code="9">146762</subfield>
  </datafield>
  <datafield tag="700" ind1="1" ind2=" ">
    <subfield code="a">Santos Moreno, Armando</subfield>
    <subfield code="9">102515</subfield>
    <subfield code="e">autor</subfield>
  </datafield>
  <datafield tag="901" ind1=" " ind2=" ">
    <subfield code="a">637.127 V55 2013</subfield>
  </datafield>
  <datafield tag="902" ind1=" " ind2=" ">
    <subfield code="a">M</subfield>
  </datafield>
  <datafield tag="910" ind1=" " ind2=" ">
    <subfield code="a">2013</subfield>
  </datafield>
  <datafield tag="942" ind1=" " ind2=" ">
    <subfield code="c">LIBRO</subfield>
    <subfield code="2">ddc</subfield>
  </datafield>
  <datafield tag="999" ind1=" " ind2=" ">
    <subfield code="c">170371</subfield>
    <subfield code="d">170371</subfield>
  </datafield>
  <datafield tag="952" ind1=" " ind2=" ">
    <subfield code="0">0</subfield>
    <subfield code="1">0</subfield>
    <subfield code="2">ddc</subfield>
    <subfield code="4">0</subfield>
    <subfield code="5">1</subfield>
    <subfield code="7">0</subfield>
    <subfield code="8">GRAL</subfield>
    <subfield code="a">Z</subfield>
    <subfield code="b">Z</subfield>
    <subfield code="d">2018-11-19</subfield>
    <subfield code="e">Compra Libreria UACh No. 37334</subfield>
    <subfield code="i">Consumo</subfield>
    <subfield code="o">637.127 V55</subfield>
    <subfield code="p">z_7312</subfield>
    <subfield code="r">2022-01-18 00:00:00</subfield>
    <subfield code="t">Ej.1</subfield>
    <subfield code="w">2022-01-18</subfield>
    <subfield code="y">LIBRO</subfield>
  </datafield>
  <datafield tag="952" ind1=" " ind2=" ">
    <subfield code="0">0</subfield>
    <subfield code="1">0</subfield>
    <subfield code="2">ddc</subfield>
    <subfield code="4">0</subfield>
    <subfield code="5">2</subfield>
    <subfield code="7">0</subfield>
    <subfield code="8">GRAL</subfield>
    <subfield code="a">BC</subfield>
    <subfield code="b">BC</subfield>
    <subfield code="c">PP_GRAL</subfield>
    <subfield code="d">2023-07-03</subfield>
    <subfield code="l">3</subfield>
    <subfield code="m">1</subfield>
    <subfield code="o">637.127 V55 2015</subfield>
    <subfield code="p">33724002575248</subfield>
    <subfield code="r">2025-06-03 16:39:14</subfield>
    <subfield code="s">2025-05-19</subfield>
    <subfield code="w">2023-07-03</subfield>
    <subfield code="y">LIBRO</subfield>
  </datafield>
  <datafield tag="952" ind1=" " ind2=" ">
    <subfield code="0">0</subfield>
    <subfield code="1">0</subfield>
    <subfield code="2">ddc</subfield>
    <subfield code="4">0</subfield>
    <subfield code="5">2</subfield>
    <subfield code="7">0</subfield>
    <subfield code="8">GRAL</subfield>
    <subfield code="a">BC</subfield>
    <subfield code="b">BC</subfield>
    <subfield code="c">PP_GRAL</subfield>
    <subfield code="d">2023-07-03</subfield>
    <subfield code="l">1</subfield>
    <subfield code="o">637.127 V55 2015</subfield>
    <subfield code="p">33724002575207</subfield>
    <subfield code="r">2025-06-03 16:39:09</subfield>
    <subfield code="s">2025-05-19</subfield>
    <subfield code="t">c.2</subfield>
    <subfield code="w">2023-07-03</subfield>
    <subfield code="y">LIBRO</subfield>
  </datafield>
  <datafield tag="952" ind1=" " ind2=" ">
    <subfield code="0">0</subfield>
    <subfield code="1">0</subfield>
    <subfield code="2">ddc</subfield>
    <subfield code="4">0</subfield>
    <subfield code="5">1</subfield>
    <subfield code="7">0</subfield>
    <subfield code="8">GRAL</subfield>
    <subfield code="a">Z</subfield>
    <subfield code="b">Z</subfield>
    <subfield code="d">2024-10-16</subfield>
    <subfield code="e">Compra Libreria UACh No. 44562</subfield>
    <subfield code="i">S/N</subfield>
    <subfield code="l">0</subfield>
    <subfield code="o">637.127  V55 2013</subfield>
    <subfield code="p">5102007665</subfield>
    <subfield code="r">2025-10-31 09:17:30</subfield>
    <subfield code="t">Ej.2</subfield>
    <subfield code="w">2025-10-31</subfield>
    <subfield code="y">LIBRO</subfield>
  </datafield>
  <datafield tag="952" ind1=" " ind2=" ">
    <subfield code="0">0</subfield>
    <subfield code="1">0</subfield>
    <subfield code="2">ddc</subfield>
    <subfield code="4">0</subfield>
    <subfield code="5">1</subfield>
    <subfield code="7">0</subfield>
    <subfield code="8">GRAL</subfield>
    <subfield code="a">Z</subfield>
    <subfield code="b">Z</subfield>
    <subfield code="d">2024-10-16</subfield>
    <subfield code="e">Compra Libreria UACh No. 44562</subfield>
    <subfield code="i">S/N</subfield>
    <subfield code="l">0</subfield>
    <subfield code="o">637.127  V55 2013</subfield>
    <subfield code="p">5102007666</subfield>
    <subfield code="r">2025-10-31 09:17:30</subfield>
    <subfield code="t">Ej.3</subfield>
    <subfield code="w">2025-10-31</subfield>
    <subfield code="y">LIBRO</subfield>
  </datafield>
  <datafield tag="952" ind1=" " ind2=" ">
    <subfield code="0">0</subfield>
    <subfield code="1">0</subfield>
    <subfield code="2">ddc</subfield>
    <subfield code="4">0</subfield>
    <subfield code="5">1</subfield>
    <subfield code="7">0</subfield>
    <subfield code="8">GRAL</subfield>
    <subfield code="a">Z</subfield>
    <subfield code="b">Z</subfield>
    <subfield code="d">2024-10-16</subfield>
    <subfield code="e">Compra Libreria UACh No. 44562</subfield>
    <subfield code="i">S/N</subfield>
    <subfield code="l">0</subfield>
    <subfield code="o">637.127  V55 2013</subfield>
    <subfield code="p">5102007667</subfield>
    <subfield code="r">2025-10-31 09:17:30</subfield>
    <subfield code="t">Ej.4</subfield>
    <subfield code="w">2025-10-31</subfield>
    <subfield code="y">LIBRO</subfield>
  </datafield>
</record>
